II Liga 2002/2003 - Statystyki

Ogólne statystyki
  • Ten quiz został rozwiązany 8 razy
  • Średni wynik to 7 z 18
Statystyki odpowiedzi
Punkty Klub % Poprawnych
47 Arka Gdynia
88%
34 Śląsk Wrocław
75%
65 Górnik Łęczna
63%
46 ŁKS Łódź
63%
38 Stal Stalowa Wola
63%
64 GKS Bełchatów
50%
22 Stomil Olsztyn
50%
76 Górnik Polkowice
38%
42 Podbeskidzie Bielsko-Biała
38%
46 RKS Radomsko
38%
34 Ruch Radzionków
38%
48 Aluminium Konin
25%
47 Ceramika Opoczno
25%
67 Świt Nowy Dwór Mazowiecki
25%
28 Hetman Zamość
13%
46 Piotrcovia Piotrków Trybunalski
13%
45 Polar Wrocław
13%
41 Tłoki Gorzyce
0%
Nie znaleziono quizów pasujących do podanych kryteriów
Rozkład punktacji
Procent ludzi z każdym wynikiem
Percentyl według liczby udzielonych odpowiedzi
Twoja historia wyników
Nie rozwiązałeś tego quizu